<?xml version="1.0" encoding="UTF-8"?>
<record
    xmlns:xsi="http://www.w3.org/2001/XMLSchema-instance"
    xsi:schemaLocation="http://www.loc.gov/MARC21/slim http://www.loc.gov/standards/marcxml/schema/MARC21slim.xsd"
    xmlns="http://www.loc.gov/MARC21/slim">

  <leader>00402nam a22001577a 4500</leader>
  <controlfield tag="003">OSt</controlfield>
  <controlfield tag="005">20260312105514.0</controlfield>
  <controlfield tag="008">260312b        |||||||| |||| 00| 0 eng d</controlfield>
  <datafield tag="020" ind1=" " ind2=" ">
    <subfield code="a">9789350146583</subfield>
  </datafield>
  <datafield tag="040" ind1=" " ind2=" ">
    <subfield code="c">IIMT UNIVERSITY, MEERUT</subfield>
  </datafield>
  <datafield tag="100" ind1=" " ind2=" ">
    <subfield code="a">Ashish Bhatnagar &amp; Shailza Sharma</subfield>
  </datafield>
  <datafield tag="245" ind1=" " ind2=" ">
    <subfield code="a">Cloud Computing</subfield>
  </datafield>
  <datafield tag="260" ind1=" " ind2=" ">
    <subfield code="a">NEW DELHI</subfield>
    <subfield code="b">S.K. Kataria &amp; Sons</subfield>
    <subfield code="c">2025</subfield>
  </datafield>
  <datafield tag="300" ind1=" " ind2=" ">
    <subfield code="a">444</subfield>
  </datafield>
  <datafield tag="942" ind1=" " ind2=" ">
    <subfield code="2">ddc</subfield>
    <subfield code="c">02</subfield>
  </datafield>
  <datafield tag="999" ind1=" " ind2=" ">
    <subfield code="c">67169</subfield>
    <subfield code="d">67169</subfield>
  </datafield>
  <datafield tag="952" ind1=" " ind2=" ">
    <subfield code="0">0</subfield>
    <subfield code="1">0</subfield>
    <subfield code="2">ddc</subfield>
    <subfield code="4">0</subfield>
    <subfield code="7">0</subfield>
    <subfield code="a">01</subfield>
    <subfield code="b">01</subfield>
    <subfield code="d">2026-03-12</subfield>
    <subfield code="e">R.LALL BOOK DEPOT</subfield>
    <subfield code="i">GD/IN/387, 11/03/2026</subfield>
    <subfield code="l">0</subfield>
    <subfield code="p">01-B-146951</subfield>
    <subfield code="r">2026-03-12</subfield>
    <subfield code="w">2026-03-12</subfield>
    <subfield code="y">02</subfield>
  </datafield>
  <datafield tag="952" ind1=" " ind2=" ">
    <subfield code="0">0</subfield>
    <subfield code="1">0</subfield>
    <subfield code="2">ddc</subfield>
    <subfield code="4">0</subfield>
    <subfield code="7">0</subfield>
    <subfield code="a">01</subfield>
    <subfield code="b">01</subfield>
    <subfield code="d">2026-03-12</subfield>
    <subfield code="e">R.LALL BOOK DEPOT</subfield>
    <subfield code="i">GD/IN/387, 11/03/2026</subfield>
    <subfield code="l">0</subfield>
    <subfield code="p">01-B-146952</subfield>
    <subfield code="r">2026-03-12</subfield>
    <subfield code="w">2026-03-12</subfield>
    <subfield code="y">02</subfield>
  </datafield>
  <datafield tag="952" ind1=" " ind2=" ">
    <subfield code="0">0</subfield>
    <subfield code="1">0</subfield>
    <subfield code="2">ddc</subfield>
    <subfield code="4">0</subfield>
    <subfield code="7">0</subfield>
    <subfield code="a">01</subfield>
    <subfield code="b">01</subfield>
    <subfield code="d">2026-03-12</subfield>
    <subfield code="e">R.LALL BOOK DEPOT</subfield>
    <subfield code="i">GD/IN/387, 11/03/2026</subfield>
    <subfield code="l">0</subfield>
    <subfield code="p">01-B-146953</subfield>
    <subfield code="r">2026-03-12</subfield>
    <subfield code="w">2026-03-12</subfield>
    <subfield code="y">02</subfield>
  </datafield>
  <datafield tag="952" ind1=" " ind2=" ">
    <subfield code="0">0</subfield>
    <subfield code="1">0</subfield>
    <subfield code="2">ddc</subfield>
    <subfield code="4">0</subfield>
    <subfield code="7">0</subfield>
    <subfield code="a">01</subfield>
    <subfield code="b">01</subfield>
    <subfield code="d">2026-03-12</subfield>
    <subfield code="e">R.LALL BOOK DEPOT</subfield>
    <subfield code="i">GD/IN/387, 11/03/2026</subfield>
    <subfield code="l">0</subfield>
    <subfield code="p">01-B-146954</subfield>
    <subfield code="r">2026-03-12</subfield>
    <subfield code="w">2026-03-12</subfield>
    <subfield code="y">02</subfield>
  </datafield>
  <datafield tag="952" ind1=" " ind2=" ">
    <subfield code="0">0</subfield>
    <subfield code="1">0</subfield>
    <subfield code="2">ddc</subfield>
    <subfield code="4">0</subfield>
    <subfield code="7">0</subfield>
    <subfield code="a">01</subfield>
    <subfield code="b">01</subfield>
    <subfield code="d">2026-03-12</subfield>
    <subfield code="e">R.LALL BOOK DEPOT</subfield>
    <subfield code="i">GD/IN/387, 11/03/2026</subfield>
    <subfield code="l">0</subfield>
    <subfield code="p">01-B-146955</subfield>
    <subfield code="r">2026-03-12</subfield>
    <subfield code="w">2026-03-12</subfield>
    <subfield code="y">02</subfield>
  </datafield>
  <datafield tag="952" ind1=" " ind2=" ">
    <subfield code="0">0</subfield>
    <subfield code="1">0</subfield>
    <subfield code="2">ddc</subfield>
    <subfield code="4">0</subfield>
    <subfield code="7">0</subfield>
    <subfield code="a">01</subfield>
    <subfield code="b">01</subfield>
    <subfield code="d">2026-03-12</subfield>
    <subfield code="e">R.LALL BOOK DEPOT</subfield>
    <subfield code="i">GD/IN/387, 11/03/2026</subfield>
    <subfield code="l">0</subfield>
    <subfield code="p">01-B-146956</subfield>
    <subfield code="r">2026-03-12</subfield>
    <subfield code="w">2026-03-12</subfield>
    <subfield code="y">02</subfield>
  </datafield>
  <datafield tag="952" ind1=" " ind2=" ">
    <subfield code="0">0</subfield>
    <subfield code="1">0</subfield>
    <subfield code="2">ddc</subfield>
    <subfield code="4">0</subfield>
    <subfield code="7">0</subfield>
    <subfield code="a">01</subfield>
    <subfield code="b">01</subfield>
    <subfield code="d">2026-03-12</subfield>
    <subfield code="e">R.LALL BOOK DEPOT</subfield>
    <subfield code="i">GD/IN/387, 11/03/2026</subfield>
    <subfield code="l">0</subfield>
    <subfield code="p">01-B-146957</subfield>
    <subfield code="r">2026-03-12</subfield>
    <subfield code="w">2026-03-12</subfield>
    <subfield code="y">02</subfield>
  </datafield>
  <datafield tag="952" ind1=" " ind2=" ">
    <subfield code="0">0</subfield>
    <subfield code="1">0</subfield>
    <subfield code="2">ddc</subfield>
    <subfield code="4">0</subfield>
    <subfield code="7">0</subfield>
    <subfield code="a">01</subfield>
    <subfield code="b">01</subfield>
    <subfield code="d">2026-03-12</subfield>
    <subfield code="e">R.LALL BOOK DEPOT</subfield>
    <subfield code="i">GD/IN/387, 11/03/2026</subfield>
    <subfield code="l">0</subfield>
    <subfield code="p">01-B-146958</subfield>
    <subfield code="r">2026-03-12</subfield>
    <subfield code="w">2026-03-12</subfield>
    <subfield code="y">02</subfield>
  </datafield>
  <datafield tag="952" ind1=" " ind2=" ">
    <subfield code="0">0</subfield>
    <subfield code="1">0</subfield>
    <subfield code="2">ddc</subfield>
    <subfield code="4">0</subfield>
    <subfield code="7">0</subfield>
    <subfield code="a">01</subfield>
    <subfield code="b">01</subfield>
    <subfield code="d">2026-03-12</subfield>
    <subfield code="e">R.LALL BOOK DEPOT</subfield>
    <subfield code="i">GD/IN/387, 11/03/2026</subfield>
    <subfield code="l">0</subfield>
    <subfield code="p">01-B-146959</subfield>
    <subfield code="r">2026-03-12</subfield>
    <subfield code="w">2026-03-12</subfield>
    <subfield code="y">02</subfield>
  </datafield>
  <datafield tag="952" ind1=" " ind2=" ">
    <subfield code="0">0</subfield>
    <subfield code="1">0</subfield>
    <subfield code="2">ddc</subfield>
    <subfield code="4">0</subfield>
    <subfield code="7">0</subfield>
    <subfield code="a">01</subfield>
    <subfield code="b">01</subfield>
    <subfield code="d">2026-03-12</subfield>
    <subfield code="e">R.LALL BOOK DEPOT</subfield>
    <subfield code="i">GD/IN/387, 11/03/2026</subfield>
    <subfield code="l">0</subfield>
    <subfield code="p">01-B-146960</subfield>
    <subfield code="r">2026-03-12</subfield>
    <subfield code="w">2026-03-12</subfield>
    <subfield code="y">02</subfield>
  </datafield>
  <datafield tag="952" ind1=" " ind2=" ">
    <subfield code="0">0</subfield>
    <subfield code="1">0</subfield>
    <subfield code="2">ddc</subfield>
    <subfield code="4">0</subfield>
    <subfield code="7">0</subfield>
    <subfield code="a">01</subfield>
    <subfield code="b">01</subfield>
    <subfield code="d">2026-03-12</subfield>
    <subfield code="e">R.LALL BOOK DEPOT</subfield>
    <subfield code="i">GD/IN/387, 11/03/2026</subfield>
    <subfield code="l">0</subfield>
    <subfield code="p">01-B-146961</subfield>
    <subfield code="r">2026-03-12</subfield>
    <subfield code="w">2026-03-12</subfield>
    <subfield code="y">02</subfield>
  </datafield>
  <datafield tag="952" ind1=" " ind2=" ">
    <subfield code="0">0</subfield>
    <subfield code="1">0</subfield>
    <subfield code="2">ddc</subfield>
    <subfield code="4">0</subfield>
    <subfield code="7">0</subfield>
    <subfield code="a">01</subfield>
    <subfield code="b">01</subfield>
    <subfield code="d">2026-03-12</subfield>
    <subfield code="e">R.LALL BOOK DEPOT</subfield>
    <subfield code="i">GD/IN/387, 11/03/2026</subfield>
    <subfield code="l">0</subfield>
    <subfield code="p">01-B-146962</subfield>
    <subfield code="r">2026-03-12</subfield>
    <subfield code="w">2026-03-12</subfield>
    <subfield code="y">02</subfield>
  </datafield>
  <datafield tag="952" ind1=" " ind2=" ">
    <subfield code="0">0</subfield>
    <subfield code="1">0</subfield>
    <subfield code="2">ddc</subfield>
    <subfield code="4">0</subfield>
    <subfield code="7">0</subfield>
    <subfield code="a">01</subfield>
    <subfield code="b">01</subfield>
    <subfield code="d">2026-03-12</subfield>
    <subfield code="e">R.LALL BOOK DEPOT</subfield>
    <subfield code="i">GD/IN/387, 11/03/2026</subfield>
    <subfield code="l">0</subfield>
    <subfield code="p">01-B-146963</subfield>
    <subfield code="r">2026-03-12</subfield>
    <subfield code="w">2026-03-12</subfield>
    <subfield code="y">02</subfield>
  </datafield>
  <datafield tag="952" ind1=" " ind2=" ">
    <subfield code="0">0</subfield>
    <subfield code="1">0</subfield>
    <subfield code="2">ddc</subfield>
    <subfield code="4">0</subfield>
    <subfield code="7">0</subfield>
    <subfield code="a">01</subfield>
    <subfield code="b">01</subfield>
    <subfield code="d">2026-03-12</subfield>
    <subfield code="e">R.LALL BOOK DEPOT</subfield>
    <subfield code="i">GD/IN/387, 11/03/2026</subfield>
    <subfield code="l">0</subfield>
    <subfield code="p">01-B-146964</subfield>
    <subfield code="r">2026-03-12</subfield>
    <subfield code="w">2026-03-12</subfield>
    <subfield code="y">02</subfield>
  </datafield>
  <datafield tag="952" ind1=" " ind2=" ">
    <subfield code="0">0</subfield>
    <subfield code="1">0</subfield>
    <subfield code="2">ddc</subfield>
    <subfield code="4">0</subfield>
    <subfield code="7">0</subfield>
    <subfield code="a">01</subfield>
    <subfield code="b">01</subfield>
    <subfield code="d">2026-03-12</subfield>
    <subfield code="e">R.LALL BOOK DEPOT</subfield>
    <subfield code="i">GD/IN/387, 11/03/2026</subfield>
    <subfield code="l">0</subfield>
    <subfield code="p">01-B-146965</subfield>
    <subfield code="r">2026-03-12</subfield>
    <subfield code="w">2026-03-12</subfield>
    <subfield code="y">02</subfield>
  </datafield>
  <datafield tag="952" ind1=" " ind2=" ">
    <subfield code="0">0</subfield>
    <subfield code="1">0</subfield>
    <subfield code="2">ddc</subfield>
    <subfield code="4">0</subfield>
    <subfield code="7">0</subfield>
    <subfield code="a">01</subfield>
    <subfield code="b">01</subfield>
    <subfield code="d">2026-03-12</subfield>
    <subfield code="e">R.LALL BOOK DEPOT</subfield>
    <subfield code="i">GD/IN/387, 11/03/2026</subfield>
    <subfield code="l">1</subfield>
    <subfield code="p">01-B-146966</subfield>
    <subfield code="q">2026-07-31</subfield>
    <subfield code="r">2026-03-17</subfield>
    <subfield code="s">2026-03-17</subfield>
    <subfield code="w">2026-03-12</subfield>
    <subfield code="y">02</subfield>
  </datafield>
  <datafield tag="952" ind1=" " ind2=" ">
    <subfield code="0">0</subfield>
    <subfield code="1">0</subfield>
    <subfield code="2">ddc</subfield>
    <subfield code="4">0</subfield>
    <subfield code="7">0</subfield>
    <subfield code="a">01</subfield>
    <subfield code="b">01</subfield>
    <subfield code="d">2026-03-12</subfield>
    <subfield code="e">R.LALL BOOK DEPOT</subfield>
    <subfield code="i">GD/IN/387, 11/03/2026</subfield>
    <subfield code="l">0</subfield>
    <subfield code="p">01-B-146967</subfield>
    <subfield code="r">2026-03-12</subfield>
    <subfield code="w">2026-03-12</subfield>
    <subfield code="y">02</subfield>
  </datafield>
  <datafield tag="952" ind1=" " ind2=" ">
    <subfield code="0">0</subfield>
    <subfield code="1">0</subfield>
    <subfield code="2">ddc</subfield>
    <subfield code="4">0</subfield>
    <subfield code="7">0</subfield>
    <subfield code="a">01</subfield>
    <subfield code="b">01</subfield>
    <subfield code="d">2026-03-12</subfield>
    <subfield code="e">R.LALL BOOK DEPOT</subfield>
    <subfield code="i">GD/IN/387, 11/03/2026</subfield>
    <subfield code="l">0</subfield>
    <subfield code="p">01-B-146968</subfield>
    <subfield code="r">2026-03-12</subfield>
    <subfield code="w">2026-03-12</subfield>
    <subfield code="y">02</subfield>
  </datafield>
  <datafield tag="952" ind1=" " ind2=" ">
    <subfield code="0">0</subfield>
    <subfield code="1">0</subfield>
    <subfield code="2">ddc</subfield>
    <subfield code="4">0</subfield>
    <subfield code="7">0</subfield>
    <subfield code="a">01</subfield>
    <subfield code="b">01</subfield>
    <subfield code="d">2026-03-12</subfield>
    <subfield code="e">R.LALL BOOK DEPOT</subfield>
    <subfield code="i">GD/IN/387, 11/03/2026</subfield>
    <subfield code="l">0</subfield>
    <subfield code="p">01-B-146969</subfield>
    <subfield code="r">2026-03-12</subfield>
    <subfield code="w">2026-03-12</subfield>
    <subfield code="y">02</subfield>
  </datafield>
  <datafield tag="952" ind1=" " ind2=" ">
    <subfield code="0">0</subfield>
    <subfield code="1">0</subfield>
    <subfield code="2">ddc</subfield>
    <subfield code="4">0</subfield>
    <subfield code="7">0</subfield>
    <subfield code="a">01</subfield>
    <subfield code="b">01</subfield>
    <subfield code="d">2026-03-12</subfield>
    <subfield code="e">R.LALL BOOK DEPOT</subfield>
    <subfield code="i">GD/IN/387, 11/03/2026</subfield>
    <subfield code="l">0</subfield>
    <subfield code="p">01-B-146970</subfield>
    <subfield code="r">2026-03-12</subfield>
    <subfield code="w">2026-03-12</subfield>
    <subfield code="y">02</subfield>
  </datafield>
</record>
